000 00735nam0a22002411 4500
001 rc\1036560
005 20250622085314.0
035 _a(NLR Aleph) 006199359
090 _a6250550
_c6250550
100 _a20041129d1981 |||y0rusy50 ca
101 0 _arus
102 _aRU
105 _ay |||||||||
200 1 _aВозмужание в борьбе
_e[Сборник
_fСост. Д.М. Погоржельский]
210 _aМ.
_cПравда
_d1981
215 _a64 с.
_d20
225 1 _aБиблиотека "Комсомольской правды"
_v№ 1
702 1 _aПогоржельский
_bД.М.
_4220
801 0 _aRU
_bNLR
_gpsbo
801 1 _aRU
_bELAR
_2rusmarc
852 _aNLR
_j81-4/15504
942 _cBOOK
980 _aNB